00582nam a22001697a 450000500170000001000260001702000110004303500250005403700130007908200120009224501050010426000400020927001060024930000210035570000170037670000190039320230411143809.0 aENG-119772 ENG-136656 c400.00 aEN-103304 EN-120188 bDBAD/PUB a616.831 a Disease treatment :cedited by Atul Rakshe ; co edited by Sarika Rakshe :ban integrated approach / aPunebDeerghayu Internationalc2017 a36, Kothrud Gaothan Near Mhatoba Mandir, Bodhi Vruksha, Navgraha Hanuman Mandir KothrudbPunee411038 a228p.c21cm(pbk) aRakshe, Atul aRakshe, Sarika